Red hat linux unleashed / (Record no. 346434)
[ view plain ]
| 000 -LEADER | |
|---|---|
| fixed length control field | 00934 a2200253 4500 |
| 020 ## - INTERNATIONAL STANDARD BOOK NUMBER | |
| International Standard Book Number | 067231410X |
| 020 ## - INTERNATIONAL STANDARD BOOK NUMBER | |
| International Standard Book Number | 9780672314100 |
| 082 04 - DEWEY DECIMAL CLASSIFICATION NUMBER | |
| Classification number | 005.4469 |
| 090 ## - LOCALLY ASSIGNED LC-TYPE CALL NUMBER (OCLC); LOCAL CALL NUMBER (RLIN) | |
| -- | 3974 |
| -- | 3974 |
| 100 1# - MAIN ENTRY--PERSONAL NAME | |
| Personal name | Pitts, David. |
| 245 10 - TITLE STATEMENT | |
| Title | Red hat linux unleashed / |
| Statement of responsibility, etc. | David Pitts. |
| 250 ## - EDITION STATEMENT | |
| Edition statement | 3rd ed. |
| 260 ## - PUBLICATION, DISTRIBUTION, ETC. | |
| Place of publication, distribution, etc. | [S.l.] : |
| Name of publisher, distributor, etc. | Sams, |
| Date of publication, distribution, etc. | 1998. |
| 300 ## - PHYSICAL DESCRIPTION | |
| Extent | 1020 p. ; |
| Dimensions | 24 cm. |
| 490 1# - SERIES STATEMENT | |
| Series statement | V 5.2. |
| 500 ## - GENERAL NOTE | |
| General note | Paperback. |
| 520 ## - SUMMARY, ETC. | |
| Summary, etc. | Learn how to install, configure, and manage the latest version of Red Hat operating system 5.1. The CD-ROM features the latest version of Red Hat Linux, system administration tools, and development tools. |
| 700 1# - ADDED ENTRY--PERSONAL NAME | |
| Personal name | Ball, Bill. |
| 700 1# - ADDED ENTRY--PERSONAL NAME | |
| Personal name | Horvath, David. |
| 830 #0 - SERIES ADDED ENTRY--UNIFORM TITLE | |
| Uniform title | V 5.2. |
| 856 40 - ELECTRONIC LOCATION AND ACCESS | |
| Materials specified | Amazon.com |
| Uniform Resource Identifier | <a href="http://www.amazon.com/exec/obidos/ASIN/067231410X/chopaconline-20">http://www.amazon.com/exec/obidos/ASIN/067231410X/chopaconline-20</a> |
| 856 40 - ELECTRONIC LOCATION AND ACCESS | |
| Materials specified | Amazon customer reviews |
| Uniform Resource Identifier | <a href="http://www.chopac.org/cgi-bin/tools/azrev.pl?q=067231410X">http://www.chopac.org/cgi-bin/tools/azrev.pl?q=067231410X</a> |
| 942 ## - ADDED ENTRY ELEMENTS (KOHA) | |
| Institution code [OBSOLETE] | NBS |
| Koha item type | Book |
| Call number prefix | 005.4069 DAV |
| Withdrawn status | Lost status | Damaged status | Not for loan | Permanent Location | Current Location | Shelving location | Date acquired | Total Checkouts | Full call number | Barcode | Checked out | Date last seen | Date last checked out | Price effective from | Koha item type |
|---|---|---|---|---|---|---|---|---|---|---|---|---|---|---|---|
| Central Library (CL) | Central Library (CL) | First Floor - Operating System/ Data Structure | 08/28/2013 | 2 | 005.4069 DAV | NBS3920 | 03/11/2026 | 02/09/2026 | 02/09/2026 | 08/28/2013 | Book |
